| 000 | 00456pam a2200169 a 4500 | ||
|---|---|---|---|
| 020 | _a0070064466 : | ||
| 040 | _cDLC | ||
| 082 | 0 | 0 | _a791 HIL 1993 A086 Or. |
| 100 | 1 | _aBordwell, David. | |
| 245 | 1 | 0 |
_aFilm art : _ban introduction / |
| 250 | _a4th ed. | ||
| 260 |
_aNew York : _bMcGraw-Hill, _cc1993. |
||
| 300 |
_axvi, 508 p., [8] p. of plates : _bill. (some col.) ; _c26 cm. |
||
| 650 | 0 | _aMotion pictures | |
| 700 | 1 | _aThompson, Kristin, | |
| 942 | _cEK | ||
| 999 |
_c11907 _d11907 |
||